书目信息 |
| 题名: |
音响技术与音乐欣赏手册
|
|
| 作者: | 唐道济 著 | |
| 分册: | ||
| 出版信息: | 南京 江苏科学技术出版社 2002 |
|
| 页数: | 11,322页 | |
| 开本: | 26cm | |
| 丛书名: | ||
| 单 册: | ||
| 中图分类: | TN912.271 , J605 , TN912 | |
| 科图分类: | ||
| 主题词: | 音频设备--电声技术--基本知识 , 音乐欣赏--基本知识 , 音频设备 , 电声技术 , 音乐欣赏 | |
| 电子资源: | ||
| ISBN: | 7-5345-3512-3 | |
| 000 | 01004nam0 2200301 450 | |
| 001 | 1559822247 | |
| 005 | 20150126163729.31 | |
| 010 | @a7-5345-3512-3@dCNY30.00 | |
| 100 | @a20020301d2002 em y0chiy0110 ea | |
| 101 | 0 | @achi |
| 102 | @aCN@b320000 | |
| 105 | @aa z 000yy | |
| 200 | 1 | @a音响技术与音乐欣赏手册@9yin xiang ji shu yu yin yue xin shang shou ce@f唐道济著 |
| 210 | @a南京@c江苏科学技术出版社@d2002 | |
| 215 | @a11,322页@c照片@d26cm | |
| 314 | @a唐道济(1939~),江苏无锡人,中国电子学会会员,中国声学学会会员,江苏省科普作家协会会员。著有《音响技术与音乐欣赏手册》。 | |
| 330 | @a本书包括音响与“发烧”,音响器材的评价与推荐,音响百词,音乐与欣赏四部分内容。 | |
| 606 | 0 | @a音频设备@x电声技术@x基本知识 |
| 606 | 0 | @a音乐欣赏@x基本知识 |
| 606 | 0 | @a音频设备 |
| 606 | 0 | @a电声技术 |
| 606 | 0 | @a音乐欣赏 |
| 690 | @aTN912.271@v5 | |
| 690 | @aJ605@v5 | |
| 690 | @aTN912@v4 | |
| 701 | 0 | @a唐道济@9tang dao ji@4著 |
| 801 | 0 | @aCN@bTSSF@c20150126 |
| 905 | @aZUCC@dTN912@eJY139 | |
| 音响技术与音乐欣赏手册/唐道济著.-南京:江苏科学技术出版社,2002 |
| 11,322页:照片;26cm |
| ISBN 7-5345-3512-3:CNY30.00 |
| 本书包括音响与“发烧”,音响器材的评价与推荐,音响百词,音乐与欣赏四部分内容。 |
| ● |
| 相关链接 |
|
|
|
|
正题名:音响技术与音乐欣赏手册
索取号:TN912/JY139
 
预约/预借
| 序号 | 登录号 | 条形码 | 馆藏地/架位号 | 状态 | 备注 |
| 1 | 7838721 | 278387210 | 学院路分馆/ [索取号:TN912/JY139] | 在馆 |